Competition law in India and interface with sectoral regulators (Record no. 290207)
[ view plain ]
| 000 -LEADER | |
|---|---|
| fixed length control field | 00511nam a2200205Ia 4500 |
| 003 - CONTROL NUMBER IDENTIFIER | |
| control field | OSt |
| 005 - DATE AND TIME OF LATEST TRANSACTION | |
| control field | 20240925104854.0 |
| 008 - FIXED-LENGTH DATA ELEMENTS--GENERAL INFORMATION | |
| fixed length control field | 240126s9999 xx 000 0 und d |
| 020 ## - INTERNATIONAL STANDARD BOOK NUMBER | |
| International Standard Book Number | 9789386374721 |
| 040 ## - CATALOGING SOURCE | |
| Transcribing agency | 0 |
| 041 ## - LANGUAGE CODE | |
| Language code of text/sound track or separate title | English |
| 082 ## - DEWEY DECIMAL CLASSIFICATION NUMBER | |
| Classification number | 343.5407 CHA;1 R |
| 100 ## - MAIN ENTRY--PERSONAL NAME | |
| Personal name | Chatterji, Souvik. |
| 245 #0 - TITLE STATEMENT | |
| Title | Competition law in India and interface with sectoral regulators |
| 250 ## - EDITION STATEMENT | |
| Edition statement | 1st ed. |
| 260 ## - PUBLICATION, DISTRIBUTION, ETC. | |
| Name of publisher, distributor, etc. | Thomas Reuters |
| Place of publication, distribution, etc. | London |
| 300 ## - PHYSICAL DESCRIPTION | |
| Extent | xiii, 990 |
| 440 ## - SERIES STATEMENT/ADDED ENTRY--TITLE | |
| Title | NULL |
| 942 ## - ADDED ENTRY ELEMENTS (KOHA) | |
| Koha item type | Law Books |
| Source of classification or shelving scheme | Dewey Decimal Classification |
| Date last seen | Total checkouts | Full call number | Accession number | Volume/Issue Number | Cost, total (INR) price | Price effective from | Category | Lost status | Source of classification or shelving scheme | Damaged status | Department | Withdrawn status | Home library | Current library | Shelving location | Entry date | Vendor | Cost, normal purchase price | Grants | Billnumber | Currency symbol | Conversion rate | Discount | Date last checked out | Copy number | Uniform resource identifier | Billdate |
|---|---|---|---|---|---|---|---|---|---|---|---|---|---|---|---|---|---|---|---|---|---|---|---|---|---|---|---|
| 26/01/2024 | 343.5407 CHA;1 R | LL1772 | (11/07/1905) | 1496.25 | 26/01/2024 | Law Books | Dewey Decimal Classification | LAW | Law Library | Law Library | 02/06/2020 | Mohan Law House | 1995.00 | Law | 900 | RS | 1 | 25 | |||||||||
| 28/10/2025 | 1 | 343.5407 CHA;2 R1 | LL4486 | 1516.20 | 16/07/2025 | Law Books | Dewey Decimal Classification | LAW | Law Library | Law Library | Law Library | 01/04/2025 | MPP House | 1995.00 | Law | 272 | Rupees | 1 | 24 | 30/09/2025 | 2 | 192.168.3.21/opac-tmpl/bootstrap/en | 01/04/2025 | ||||
| 19/09/2025 | 1 | 343.5407 CHA;3 | LL4487 | 1516.20 | 16/07/2025 | Law Books | Dewey Decimal Classification | LAW | Law Library | Law Library | Law Library | 01/04/2025 | MPP House | 1995.00 | Law | 272 | Rupees | 1 | 24 | 19/09/2025 | 3 | 192.168.3.21/opac-tmpl/bootstrap/en | 01/04/2025 |
